Conjugaison - avoir - Statistiques

Statistiques générales
  • Ce quiz a été pris 38 fois
  • Le résultat moyen est 56 sur 96
Statistiques - réponses
Mode Temps Pronom Réponse % Correct
Indicatif Présent J' ai
100%
Indicatif Présent Il / elle / on a
93%
Indicatif Présent Tu as
93%
Indicatif Présent Vous avez
93%
Indicatif Présent Nous avons
93%
Indicatif Présent Ils / elles ont
93%
Indicatif Passé composé Il / elle / on a eu
86%
Indicatif Passé composé J' ai eu
86%
Indicatif Passé composé Tu as eu
86%
Indicatif Passé composé Vous avez eu
86%
Indicatif Passé composé Nous avons eu
86%
Indicatif Imparfait Ils / elles avaient
83%
Indicatif Imparfait J' avais
83%
Indicatif Imparfait Tu avais
83%
Indicatif Imparfait Il / elle / on avait
83%
Indicatif Imparfait Vous aviez
83%
Indicatif Imparfait Nous avions
83%
Indicatif Passé composé Ils / elles ont eu
83%
Indicatif Futur simple Il / elle / on aura
79%
Indicatif Futur simple J' aurai
79%
Indicatif Futur simple Tu auras
79%
Indicatif Futur simple Vous aurez
79%
Indicatif Futur simple Nous aurons
79%
Indicatif Futur simple Ils / elles auront
79%
Indicatif Passé simple Nous eûmes
76%
Indicatif Passé simple Tu eus
76%
Indicatif Passé simple Il / elle / on eut
76%
Indicatif Passé simple Vous eûtes
76%
Indicatif Passé simple Ils / elles eurent
72%
Indicatif Passé simple J' eus
72%
Indicatif Plus-que-parfait J' avais eu
69%
Indicatif Plus-que-parfait Tu avais eu
69%
Indicatif Plus-que-parfait Il / elle / on avait eu
69%
Indicatif Plus-que-parfait Vous aviez eu
69%
Indicatif Plus-que-parfait Nous avions eu
69%
Indicatif Futur antérieur Il / elle / on aura eu
62%
Indicatif Futur antérieur J' aurai eu
62%
Indicatif Futur antérieur Tu auras eu
62%
Indicatif Futur antérieur Vous aurez eu
62%
Indicatif Futur antérieur Nous aurons eu
62%
Indicatif Futur antérieur Ils / elles auront eu
62%
Subjonctif Présent Qu'ils / qu'elles aient
59%
Subjonctif Présent Qu'il / qu'elle / qu'on ait
59%
Conditionnel Présent J' aurais
59%
Subjonctif Présent Que vous ayez
59%
Subjonctif Présent Que nous ayons
59%
Indicatif Passé antérieur Nous eûmes eu
59%
Indicatif Passé antérieur Ils / elles eurent eu
59%
Indicatif Passé antérieur Tu eus eu
59%
Indicatif Passé antérieur Vous eûtes eu
59%
Indicatif Passé antérieur Il / elle / on eut eu
59%
Subjonctif Présent Que j' aie
55%
Subjonctif Présent Que tu aies
55%
Conditionnel Présent Ils / elles auraient
55%
Conditionnel Présent Tu aurais
55%
Conditionnel Présent Il / elle / on aurait
55%
Conditionnel Présent Vous auriez
55%
Conditionnel Présent Nous aurions
55%
Indicatif Passé antérieur J' eus eu
55%
Impératif Présent (nous) ayons
52%
Impératif Présent (tu) aie
48%
Conditionnel Passé Ils / elles auraient eu
48%
Conditionnel Passé J' aurais eu
48%
Conditionnel Passé Tu aurais eu
48%
Conditionnel Passé Il / elle / on aurait eu
48%
Conditionnel Passé Vous auriez eu
48%
Conditionnel Passé Nous aurions eu
48%
Impératif Présent (vous) ayez
48%
Subjonctif Passé Que j' aie eu
45%
Subjonctif Passé Qu'ils / qu'elles aient eu
45%
Subjonctif Passé Que tu aies eu
45%
Subjonctif Passé Que vous ayez eu
45%
Subjonctif Passé Que nous ayons eu
45%
Subjonctif Passé Qu'il / qu'elle / qu'on ait eu
41%
Subjonctif Imparfait Que j' eusse
41%
Subjonctif Imparfait Qu'ils / qu'elles eussent
41%
Subjonctif Imparfait Que tu eusses
41%
Subjonctif Imparfait Que vous eussiez
41%
Subjonctif Imparfait Que nous eussions
41%
Infinitif Présent - avoir
38%
Participe Présent - ayant
34%
Participe Passé - eu
34%
Subjonctif Plus-que-parfait Que j' eusse eu
34%
Subjonctif Plus-que-parfait Qu'ils / qu'elles eussent eu
34%
Subjonctif Plus-que-parfait Que tu eusses eu
34%
Subjonctif Plus-que-parfait Que vous eussiez eu
34%
Subjonctif Plus-que-parfait Que nous eussions eu
34%
Subjonctif Imparfait Qu'il / qu'elle / qu'on eût
34%
Subjonctif Plus-que-parfait Qu'il / qu'elle / qu'on eût eu
34%
Impératif Passé (vous) ayez eu
31%
Impératif Passé (nous) ayons eu
31%
Gérondif Présent - en ayant
24%
Participe Passé - ayant eu
21%
Infinitif Passé - avoir été
10%
Indicatif Plus-que-parfait Ils / elles avaient au
3%
Gérondif Passé - en ayant été
3%
Aucun quiz correspondant
Distribution des résultats
% des personnes avec chaque résultat
Percentile par nombre de réponses
Votre historique - résultats
Vous n’avez pas pris ce quiz